Sự phản ánh quan hệ gia đình, xã hội trong tục ngữ ca dao

Gồm những bài nghiên cứu về quan hệ gia đình, xã hội trong tục ngữ ca dao, đồng thời so sánh những điểm tương đồng và khác biệt trong tục ngữ ca dao của người Việt

Gespeichert in:
Bibliographische Detailangaben
1. Verfasser: Đỗ Thị Bảy
Format: Buch
Sprache:Vietnamese
Veröffentlicht: H. Lao động 2011
Schlagworte:
Tags: Tag hinzufügen
Keine Tags, Fügen Sie den ersten Tag hinzu!
Thư viện lưu trữ: Mạng thư viện Đại học Đà Nẵng
LEADER 01600aam a22003978a 4500
001 000015863
003 12247
005 20120605150626.0
008 120605s2011 viesd
020 |d 2000b 
041 0 |a vie 
082 1 4 |2 14  |a 398.909597  |b ĐÔ-B 
100 1 |a Đỗ Thị Bảy 
245 1 0 |a Sự phản ánh quan hệ gia đình, xã hội trong tục ngữ ca dao  |c Đỗ Thị Bảy 
260 |a H.  |b Lao động  |c 2011 
300 |a 421tr.  |c 21cm 
500 |a ĐTTS ghi: Hội Văn nghệ dân gian Việt Nam 
504 |a Phụ lục: tr. 129-410. - Thư mục: 413-420 
520 |a Gồm những bài nghiên cứu về quan hệ gia đình, xã hội trong tục ngữ ca dao, đồng thời so sánh những điểm tương đồng và khác biệt trong tục ngữ ca dao của người Việt 
650 7 |2 Bộ TK TVQG  |a Văn học dân gian 
650 7 |2 Bộ TK TVQG  |a Gia đình 
650 7 |2 Bộ TK TVQG  |a Xã hội 
650 7 |2 Bộ TK TVQG  |a Nghiên cứu văn học 
651 7 |2 Bộ TK TVQG  |a Việt Nam 
655 7 |2 Bộ TK TVQG  |a Tục ngữ 
655 7 |2 Bộ TK TVQG  |a Ca dao 
OWN |a LSP 
AVA |a UDN50  |b LSP  |d 398.909597 ĐÔ-B  |e available  |t Error 5001 Not defined in file expand_doc_bib_avail.  |f 1  |g 0  |h N  |i 0  |k 1 
999 |a From the UDN01 
AVA |a UDN50  |b LSP  |d 398.909597 ĐÔ-B  |e available  |t Error 5001 Not defined in file expand_doc_bib_avail.  |f 1  |g 0  |h N  |i 0  |k 1 
TYP |a Monograph 
TYP |a Printed language 
980 |a Mạng thư viện Đại học Đà Nẵng